00347nam a2200133Ia 450000500170000000800410001702000230005804000140008108200150009510000160011024500230012626000430014930000210019220240513151005.0220714s9999 xx 000 0 und d a9781868340972qpbk aRDAc3228 aSWA F MONG aMONGWE T.M. 0aSiphundvu kawuboni aSandton:bHeinemann Publishers;c1995. a108 Pagesc21 cm